Gaming Quiz

Random Gaming or Letter Quiz

Chess Consonants Quiz Stats

 Plays Quiz Updated Dec 22, 2018

Support Sporcle.
Go Orange.
Score 0/11 Timer 00:30
4 Plays Today
% Correct
???
85.9%
???
85.2%
???
82.4%
???
81.5%
???
81.4%
???
80.1%
???
79%
???
78%
???
71.6%
???
67.7%
???
67.3%

You're not logged in!

Compare scores with friends on all Sporcle quizzes.
OR
Log In
Forgot?

From the Vault

Given a Letter: US Presidents

by diffusion

History 4m
We generally expect Presidents to give us more than just a letter.
Remove Ads.
Support Sporcle.
Get the best of Sporcle when you Go Orange. This ad-free experience offers more features, more stats, and more fun while also helping to support Sporcle. Thank you for becoming a member.

Show Comments

Extras

Top Quizzes Today


Score Distribution

Your Account Isn't Verified!

In order to create a playlist on Sporcle, you need to verify the email address you used during registration. Go to your Sporcle Settings to finish the process.

Report this User

Report this user for behavior that violates our Community Guidelines.

Details: